| 000 | 00531nam a2200193 a 4500 | ||
|---|---|---|---|
| 005 | 20140311163015.0 | ||
| 008 | 070110s19uu xx 00 eng d | ||
| 020 | _a0500281319 | ||
| 050 |
_aTX 907 _b.Y6523 2000 |
||
| 100 | _aYpma, Herbert | ||
| 245 |
_aHIP hotels : _bescape / _cHerbert Ypma |
||
| 260 |
_aLondon : _bThames & Hudson Ltd, _c2000. |
||
| 300 |
_a256 p. : _bcol. ill. ; _c24 cm. |
||
| 521 | _aTOU | ||
| 650 |
_aHotels _xGuidebooks. |
||
| 650 |
_aHotels _xPictorial works. |
||
| 942 |
_cBK _2lcc _kFOR |
||
| 999 |
_c39418 _d39418 |
||